000 00377nam a2200169Ia 4500
001 588
003 IN-NITTTR
005 20251114232859.0
008 251113s9999||||xx |||||||||||||| ||eng||
040 _beng
040 _cIN-NITTTR
041 _aeng
082 _a671.36 Z13H
100 _aZakharov, B.
245 0 _aHeat- treatment of metals /
_cZakharov, B.
942 _2ddc
_cBK
999 _c163
_d163